Todrick Hall & Pentatonix - The Wizard of Ahhhs Lyrics - Statistics

General Stats
  • This quiz has been taken 297 times
  • The average score is 66 of 107
Answer Stats
Hint Answer % Correct
It usually doesn't ____ in Rain
99%
Way up ____ High
97%
Somewhere over the _______ Rainbow
97%
And now I'm __ my way | I'm __ my way On
94%
There's a ____ that I heard of Land
92%
Shatter every ______ 'til it's all blown away Window
91%
I'm wide _____ Awake
89%
____ in a lulla... Once
89%
Let's get some shoes, _____ | Shoes, _____ Shoes
85%
And I sure would like some _____ company | Home _____ home Sweet
84%
I got my ______ for the long way round Ticket
80%
____ do you say? What
79%
And I'm leaving ________ Tomorrow
78%
Two bottles of ______ for the way Whiskey
77%
A _______ flew around my room before you came Tornado
75%
______ the mess it made Excuse
74%
My ____ don't shed tears Eyes
72%
_______ California Southern
72%
Much like _______ Arizona
71%
(Falling from _____ _) Cloud 9
71%
Do you think about __ still? Me
71%
And just ____ you're not alone Know
70%
You ____, ____, ____ Know, know, know
70%
I've been ________ 'bout ya | When I'm ________ 'bout ya Thinking
70%
Do do you got a _____ ___ kit handy? First aid
69%
I knew you were _______ when you walked in Trouble
69%
Oh _____, _____, _____ Lolly, lolly, lolly
68%
(Letting go _______) Tonight
68%
_______, _______ Tonight, Tonight
68%
You're just a ____ on the cold hard ground Lion
67%
Don't want no _____, _____ men Short, short
67%
________ Lollipop
66%
So _____ on you now Shame
66%
I can't be _____ Tamed
66%
Took me to ______ I've never been Places
65%
_____ ____ Blown away
64%
(So _______) | (_______) | So _______ | That my heart is _______ Damaged
64%
Tell me, a-a-a-are you, are you patient, _____________ Understanding
64%
I ______ be Cannot
62%
The ____ in my heart Hole
62%
And I tried every ______ and nothing seems to work for me Remedy
59%
'Cause I might need some ____ to clear Time
59%
The _____ ticking, I just count the hours Clock
58%
Do do you know how to patch up a _____? Wound
58%
No one man should have all that _____ Power
57%
Got a nice ____ to it Ring
56%
21st _______ schizoid man Century
54%
I'm living in the ______ ____ please Emerald City
53%
____ them to me! Show
53%
I ______ that I should let you know Thought
53%
Now I'm _____ on the cold, hard ground Lying
52%
Doing something ____ to it Mean
52%
I'll get you and your little ___ too Dog
51%
____ want those shoes Just
51%
From the _____ of the west side Witch
51%
Don't want no money, (I like your _____) Beard
49%
Show me your ____ Feet
49%
And you can _____ the one before Blame
47%
Every brick, every door, every slamming _____ blown away Board
46%
I guess every ________ needs his theme music Superhero
46%
I'm on my ___ Way
45%
'Cause there ain't no place you can ____ Hide
44%
So I wouldn't come ____ low Home
43%
Do __, do __, do do do Ya, Ya
43%
But boy they ____ Bawl
42%
I'm going home, To the place where I _____ Belong
42%
You know I'm a _______ Dreamer
41%
But my heart's of ____ Gold
41%
Ain't no ______ that can save you Wizard
41%
Do it better than _______ you ever seen do it Anybody
40%
I had to __ away hide Run
40%
_______ from the haters Screams
38%
Where your ____ has always been enough for me Love
37%
_______, _______ Damaged, damaged
36%
Stop tripping, I'm ________ off the power Tripping
35%
It'll all be _____ Clear
34%
__ on my way, __ on my way, __ on my way I'm, I'm, I'm
34%
I'm just too ___ from where you are Far
33%
I'm gonna ____ this place our- Make
33%
They fill you with ____ Fear
32%
_________ over the Rainbow Somewhere
32%
Don't pay no mind to ______ Demons
31%
I _____ go home Wanna
31%
___ me go home Let
30%
____ _____ ____ Home sweet home
22%
No matching quizzes found
Score Distribution
Percent of People with Each Score
Percentile by Number Answered
Your Score History
You have not taken this quiz